[Event "GBR-ch109 Over 50"]
[Site "Leicester"]
[Date "2023.07.29"]
[Round "6.11"]
[White "Henderson, David"]
[Black "James, Russell A"]
[Result "0-1"]
[WhiteElo "2113"]
[BlackElo "2012"]
[PlyCount "94"]
[EventDate "2023.07.24"]
[EventType "swiss"]
[EventRounds "7"]
[EventCountry "GBR"]
[SourceTitle "BritBase"]
[Source "John Saunders"]
[SourceDate "2025.01.31"]
[SourceVersion "1"]
[SourceVersionDate "2025.01.31"]
[SourceQuality "1"]

1. e4 d6 2. g3 d5 3. exd5 Qxd5 4. Nf3 Bg4 5. Bg2 Qe6+ 6. Qe2 Qxe2+ 7. Kxe2 Nc6 8. c3 O-O-O 9. h3 Bh5 10. g4 Bg6 11. d4 Nf6 12. Be3 Nd5 13. Nbd2 e5 14. Nb3 exd4 15. Nbxd4 Nxe3 16. fxe3 Be4 17. Kf2 Be7 18. Rad1 g6 19. Nxc6 Bxc6 20. Rxd8+ Rxd8 21. Nd4 Bh4+ 22. Kf1 Be8 23. Bf3 c5 24. Nb3 Bb5+ 25. Kg2 b6 26. Rd1 Re8 27. e4 Bc6 28. Nd2 Rd8 29. Kf1 Bg5 30. Ke2 Bb5+ 31. c4 Rxd2+ 32. Rxd2 Bxc4+ 33. Rd3 Kc7 34. b3 Bxd3+ 35. Kxd3 Kd6 36. Kc4 a6 37. Kd3 Ke5 38. Bg2 b5 39. Bf1 Kf4 40. Be2 Be7 41. Bf1 Bd6 42. Be2 Kg3 43. a4 Kxh3 44. axb5 axb5 45. Ke3 Kg3 46. Bd1 Bf4+ 47. Kd3 Kf2 0-1

[Event "GBR-ch109 Over 50"]
[Site "Leicester"]
[Date "2023.07.29"]
[Round "6.12"]
[White "Grillage, Andrew"]
[Black "Ledger, Stephen C"]
[Result "1/2-1/2"]
[WhiteElo "2010"]
[BlackElo "1978"]
[PlyCount "41"]
[EventDate "2023.07.24"]
[EventType "swiss"]
[EventRounds "7"]
[EventCountry "GBR"]
[SourceTitle "BritBase"]
[Source "John Saunders"]
[SourceDate "2025.01.31"]
[SourceVersion "1"]
[SourceVersionDate "2025.01.31"]
[SourceQuality "1"]

1. d4 Nf6 2. Nc3 d5 3. Bf4 c5 4. e3 cxd4 5. exd4 a6 6. Nf3 Nc6 7. Ne5 Bd7 8. Nxc6 Bxc6 9. Bd3 e6 10. O-O Bd6 11. Qf3 Bxf4 12. Qxf4 Rc8 13. Rfe1 Qb6 14. Rab1 O-O 15. Ne2 Bb5 16. Bxb5 Qxb5 17. c3 Rc6 18. h4 Qd3 19. Rbd1 Qe4 20. Qxe4 Nxe4 21. Nf4 1/2-1/2

[Event "GBR-ch109 Over 50"]
[Site "Leicester"]
[Date "2023.07.29"]
[Round "6.13"]
[White "Giulian, Rosemary A"]
[Black "Baer, Bruce L"]
[Result "1-0"]
[WhiteElo "1855"]
[BlackElo "2026"]
[PlyCount "57"]
[EventDate "2023.07.24"]
[EventType "swiss"]
[EventRounds "7"]
[EventCountry "GBR"]
[SourceTitle "BritBase"]
[Source "John Saunders"]
[SourceDate "2025.01.31"]
[SourceVersion "1"]
[SourceVersionDate "2025.01.31"]
[SourceQuality "1"]

1. e4 g6 2. d4 Bg7 3. Nc3 a6 4. Be3 b5 5. Qd2 d6 6. f3 Nd7 7. h4 h5 8. Nh3 c6 9. Ng5 Qc7 10. a4 Rb8 11. axb5 axb5 12. Ne2 Nb6 13. b3 Nf6 14. Rd1 O-O 15. Nf4 e5 16. dxe5 dxe5 17. Nd3 Rd8 18. Qf2 Bf8 19. Be2 Be7 20. O-O Nbd7 21. f4 Nxe4 22. Nxe4 f5 23. fxe5 Nxe5 24. Nxe5 Rxd1 25. Rxd1 Qxe5 26. Bf4 Qxe4 27. Bxb8 Bxh4 28. Bg3 Bg5 29. Bf3 1-0

[Event "GBR-ch109 Over 50"]
[Site "Leicester"]
[Date "2023.07.29"]
[Round "6.14"]
[White "Watson, Simon"]
[Black "Brown, Alan M"]
[Result "1/2-1/2"]
[WhiteElo "1835"]
[BlackElo "1988"]
[PlyCount "72"]
[EventDate "2023.07.24"]
[EventType "swiss"]
[EventRounds "7"]
[EventCountry "GBR"]
[SourceTitle "BritBase"]
[Source "John Saunders"]
[SourceDate "2025.01.31"]
[SourceVersion "1"]
[SourceVersionDate "2025.01.31"]
[SourceQuality "1"]

1. e4 e6 2. d4 d5 3. Nc3 Bb4 4. e5 b6 5. a3 Bf8 6. f4 Nh6 7. Nf3 Be7 8. Be2 Ba6 9. O-O Bxe2 10. Nxe2 c5 11. Be3 Nc6 12. c3 Nf5 13. Bf2 h5 14. Qd3 c4 15. Qd2 Na5 16. Nc1 Qd7 17. Ne1 O-O-O 18. Nc2 Rdg8 19. Ne3 g6 20. Qc2 Qb5 21. a4 Qc6 22. b3 Nxe3 23. Bxe3 cxb3 24. Nxb3 Nc4 25. Bc1 Kd7 26. Rf3 Rc8 27. Nd2 Qb7 28. Nxc4 Rxc4 29. Ba3 Rhc8 30. Bxe7 Kxe7 31. Qb3 Qc6 32. Ra3 a6 33. h3 Rc7 34. Kh2 Rb7 35. Ra2 Rc7 36. Ra3 Rb7 1/2-1/2

[Event "GBR-ch109 Over 50"]
[Site "Leicester"]
[Date "2023.07.29"]
[Round "6.15"]
[White "Cole, Graham L"]
[Black "Hughes, Roy"]
[Result "1/2-1/2"]
[WhiteElo "1628"]
[BlackElo "2007"]
[PlyCount "227"]
[EventDate "2023.07.24"]
[EventType "swiss"]
[EventRounds "7"]
[EventCountry "GBR"]
[SourceTitle "BritBase"]
[Source "John Saunders"]
[SourceDate "2025.01.31"]
[SourceVersion "1"]
[SourceVersionDate "2025.01.31"]
[SourceQuality "1"]

1. e4 d5 2. exd5 Qxd5 3. Nc3 Qd6 4. d4 Nf6 5. Nf3 c6 6. Ne5 Nbd7 7. Nc4 Qc7 8. Qf3 Nb6 9. Bf4 Qd8 10. Nxb6 Qxb6 11. O-O-O Bg4 12. Qd3 Bxd1 13. Qxd1 e6 14. Bc4 O-O-O 15. Qe2 Nd5 16. Nxd5 cxd5 17. Bb3 Bd6 18. Be3 Qc7 19. g3 Kb8 20. Qg4 g6 21. Bg5 Rc8 22. Bf6 Rhe8 23. f4 b5 24. Qe2 Qc6 25. Qd2 Kb7 26. h4 Be7 27. Bxe7 Rxe7 28. h5 Rec7 29. Kb1 Qb6 30. hxg6 hxg6 31. g4 a5 32. c3 b4 33. cxb4 Qxb4 34. Qxb4+ axb4 35. f5 gxf5 36. gxf5 Rg8 37. fxe6 fxe6 38. Re1 Rg3 39. Bc2 Rcg7 40. Bb3 Rg1 41. Rxg1 Rxg1+ 42. Kc2 Kc7 43. a3 bxa3 44. bxa3 Kd6 45. Kc3 e5 46. dxe5+ Kxe5 47. a4 d4+ 48. Kc2 Rg2+ 49. Kd3 Rg3+ 50. Kc4 Rc3+ 51. Kb4 Rc1 52. a5 Kd6 53. a6 Kc7 54. Bc4 Kb6 55. Bd3 Rc3 56. Be2 Re3 57. Bf1 Rf3 58. Be2 Rf4 59. Bd3 Rh4 60. Kc4 Kxa6 61. Kd5+ Kb6 62. Be4 Kc7 63. Kxd4 Kd6 64. Kd3 Ke5 65. Bc6 Rg4 66. Kc3 Rg6 67. Be8 Rf6 68. Kb2 Rf3 69. Bg6 Kd4 70. Bh7 Rg3 71. Bf5 Rc3 72. Bg6 Kc4 73. Bf7+ Kb4 74. Be6 Re3 75. Bf5 Re2+ 76. Ka1 Kb3 77. Bg6 Rf2 78. Be4 Rd2 79. Bf5 Rd6 80. Be4 Rd1+ 81. Bb1 Kc3 82. Ka2 Rd2+ 83. Ka1 Rd5 84. Ba2 Ra5 85. Kb1 Rb5+ 86. Ka1 Kc2 87. Bf7 Ra5+ 88. Ba2 Rh5 89. Bb1+ Kc1 90. Ba2 Rb5 91. Be6 Kc2 92. Bf7 Rb6 93. Bd5 Rd6 94. Bf7 Rf6 95. Bg8 Rh6 96. Bd5 Rh4 97. Bf7 Rg4 98. Be6 Rf4 99. Bd5 Rd4 100. Be6 Rd6 101. Bf7 Rd1+ 102. Ka2 Rd7 103. Bg6+ Kc3 104. Bf5 Rd2+ 105. Ka1 Rb2 106. Bg6 Rg2 107. Bf5 Rg5 108. Be6 Kc2 109. Bf7 Rg1+ 110. Ka2 Rg7 111. Bb3+ Kc3 112. Be6 Rg2+ 113. Ka1 Rb2 114. Bf7 1/2-1/2

[Event "GBR-ch109 Over 50"]
[Site "Leicester"]
[Date "2023.07.29"]
[Round "6.16"]
[White "Kirby, Peter J"]
[Black "Kalerwa, Edwin M"]
[Result "1-0"]
[WhiteElo "1985"]
[BlackElo "1694"]
[PlyCount "73"]
[EventDate "2023.07.24"]
[EventType "swiss"]
[EventRounds "7"]
[EventCountry "GBR"]
[SourceTitle "BritBase"]
[Source "John Saunders"]
[SourceDate "2025.01.31"]
[SourceVersion "1"]
[SourceVersionDate "2025.01.31"]
[SourceQuality "1"]

1. Nf3 c5 2. c4 Nc6 3. d4 cxd4 4. Nxd4 g6 5. e4 Bg7 6. Be3 Qa5+ 7. Nc3 Nf6 8. f3 d6 9. Be2 O-O 10. Qd2 Re8 11. O-O Bd7 12. Rfd1 Rad8 13. a3 Qc7 14. Ncb5 Qb8 15. Rac1 a6 16. Nc3 e6 17. Nc2 Bc8 18. Bb6 Rd7 19. f4 d5 20. exd5 exd5 21. cxd5 Qd6 22. Be3 Ne7 23. Bf3 b5 24. Nb4 Nf5 25. Bf2 Bb7 26. Re1 Qb8 27. Rxe8+ Nxe8 28. Ne4 Ned6 29. Nc6 Qa8 30. Nc5 Rc7 31. Nxb7 Qxb7 32. b3 Ne8 33. d6 Qc8 34. dxc7 Qxc7 35. Ne5 Qe7 36. Bc5 Qf6 37. Rd1 1-0

[Event "GBR-ch109 Over 50"]
[Site "Leicester"]
[Date "2023.07.29"]
[Round "6.17"]
[White "Kennedy, Craig"]
[Black "Strugar, Ioan"]
[Result "1-0"]
[WhiteElo "1784"]
[BlackElo "1359"]
[PlyCount "53"]
[EventDate "2023.07.24"]
[EventType "swiss"]
[EventRounds "7"]
[EventCountry "GBR"]
[SourceTitle "BritBase"]
[Source "John Saunders"]
[SourceDate "2025.01.31"]
[SourceVersion "1"]
[SourceVersionDate "2025.01.31"]
[SourceQuality "1"]

1. d4 d5 2. Nc3 Nf6 3. Bf4 c6 4. e3 e6 5. Nf3 Bd6 6. Ne5 O-O 7. Bd3 Qc7 8. g4 Nfd7 9. Nxd7 Nxd7 10. Bxd6 Qxd6 11. f4 f6 12. Qf3 e5 13. Bf5 g6 14. Bxd7 Bxd7 15. O-O-O e4 16. Qg2 f5 17. g5 Be6 18. h4 c5 19. h5 gxh5 20. g6 h6 21. Rxh5 Kg7 22. Rxh6 Rh8 23. Rh7+ Rxh7 24. gxh7+ Kh8 25. Qg6 Qe7 26. dxc5 Qxh7 27. Qf6+ 1-0

[Event "GBR-ch109 Over 50"]
[Site "Leicester"]
[Date "2023.07.29"]
[Round "6.18"]
[White "Drugan, Mark A"]
[Black "Wilson, Matthew R"]
[Result "0-1"]
[WhiteElo "1693"]
[BlackElo "1762"]
[PlyCount "96"]
[EventDate "2023.07.24"]
[EventType "swiss"]
[EventRounds "7"]
[EventCountry "GBR"]
[SourceTitle "BritBase"]
[Source "John Saunders"]
[SourceDate "2025.01.31"]
[SourceVersion "1"]
[SourceVersionDate "2025.01.31"]
[SourceQuality "1"]

1. e4 e5 2. Nf3 Nf6 3. Nxe5 d6 4. Nf3 Nxe4 5. Nc3 Nxc3 6. dxc3 Be7 7. Be3 Nc6 8. Qd2 Be6 9. O-O-O Qd7 10. Kb1 Bf6 11. Ng5 Bf5 12. Bb5 h6 13. Nf3 a6 14. Bd3 O-O-O 15. Bxf5 Qxf5 16. Nd4 Nxd4 17. Bxd4 Rhe8 18. Bxf6 Qxf6 19. Rhe1 Re6 20. Rxe6 fxe6 21. Qe3 Rf8 22. f3 Kb8 23. a4 g5 24. Rd2 e5 25. b4 h5 26. h3 Qf4 27. Qxf4 gxf4 28. c4 Kc8 29. Kb2 a5 30. b5 b6 31. Kc3 Kd7 32. Kd3 Ke6 33. Ke2 h4 34. Rd5 Rg8 35. Kf2 Rc8 36. c3 c6 37. bxc6 Rxc6 38. Rb5 Rxc4 39. Rxb6 Rxa4 40. Ra6 Ra2+ 41. Kg1 Kd5 42. c4+ Kc5 43. Kf1 a4 44. Kg1 a3 45. Ra4 Ra1+ 46. Kh2 a2 47. g4 hxg3+ 48. Kg2 e4 0-1

[Event "GBR-ch109 Over 50"]
[Site "Leicester"]
[Date "2023.07.30"]
[Round "7.1"]
[White "Arkell, Keith C"]
[Black "Eames, Robert S"]
[Result "1-0"]
[WhiteElo "2392"]
[BlackElo "2124"]
[PlyCount "35"]
[EventDate "2023.07.24"]
[EventType "swiss"]
[EventRounds "7"]
[EventCountry "GBR"]
[SourceTitle "BritBase"]
[Source "John Saunders"]
[SourceDate "2025.01.31"]
[SourceVersion "1"]
[SourceVersionDate "2025.01.31"]
[SourceQuality "1"]

1. c4 c5 2. Nc3 Nc6 3. g3 g6 4. Bg2 Bg7 5. a3 a5 6. Nf3 e5 7. d3 d6 8. Nd5 Nge7 9. Bg5 h6 10. Bxe7 Nxe7 11. Nd2 Nxd5 12. Bxd5 Qb6 13. h4 Qxb2 14. Ne4 Qb6 15. Rb1 Qd8 16. Bxb7 Bxb7 17. Qa4+ Qd7 18. Nxd6+ 1-0

[Event "GBR-ch109 Over 50"]
[Site "Leicester"]
[Date "2023.07.30"]
[Round "7.2"]
[White "Ledger, David J"]
[Black "Graham, David Bruce"]
[Result "1-0"]
[WhiteElo "2190"]
[BlackElo "2151"]
[PlyCount "67"]
[EventDate "2023.07.24"]
[EventType "swiss"]
[EventRounds "7"]
[EventCountry "GBR"]
[SourceTitle "BritBase"]
[Source "John Saunders"]
[SourceDate "2025.01.31"]
[SourceVersion "1"]
[SourceVersionDate "2025.01.31"]
[SourceQuality "1"]

1. e4 c5 2. Nf3 d6 3. d4 cxd4 4. Nxd4 Nf6 5. Nc3 a6 6. Be3 e5 7. Nb3 Be6 8. f3 Be7 9. Qd2 O-O 10. O-O-O Nbd7 11. g4 b5 12. g5 Nh5 13. Rg1 Nb6 14. Nd5 Bxd5 15. exd5 f5 16. gxf6 Bxf6 17. Na5 Na4 18. b3 Nc5 19. Bh3 Nf4 20. Nc6 Qe8 21. Bf5 Qh5 22. Bg4 Qf7 23. Bxf4 exf4 24. b4 Qc7 25. bxc5 dxc5 26. Rge1 b4 27. Qd3 a5 28. Bf5 g6 29. Bxg6 hxg6 30. Ne7+ Bxe7 31. Qxg6+ Kh8 32. Qh6+ Kg8 33. Rg1+ Kf7 34. Qg6# 1-0

[Event "GBR-ch109 Over 50"]
[Site "Leicester"]
[Date "2023.07.30"]
[Round "7.3"]
[White "Walker, Martin Graham"]
[Black "Smith, Andrew Philip"]
[Result "1/2-1/2"]
[WhiteElo "2079"]
[BlackElo "2038"]
[PlyCount "113"]
[EventDate "2023.07.24"]
[EventType "swiss"]
[EventRounds "7"]
[EventCountry "GBR"]
[SourceTitle "BritBase"]
[Source "John Saunders"]
[SourceDate "2025.01.31"]
[SourceVersion "1"]
[SourceVersionDate "2025.01.31"]
[SourceQuality "1"]

1. e4 c5 2. Nf3 e6 3. d4 cxd4 4. Nxd4 Nf6 5. Nc3 Nc6 6. Be3 Bb4 7. Bd3 d5 8. exd5 Nxd5 9. Nxc6 bxc6 10. Bd2 O-O 11. O-O Nxc3 12. bxc3 Bd6 13. Qf3 Qc7 14. h3 Rb8 15. Be3 c5 16. Rfd1 Be5 17. Qe4 f5 18. Qc4 Bd6 19. Be2 f4 20. Bc1 Rf6 21. Bf3 Bf8 22. a4 Rb6 23. a5 Ra6 24. Qa4 Bd6 25. Be2 c4 26. Bxc4 Rc6 27. Bb5 Rc5 28. Ba3 f3 29. Rxd6 Qxd6 30. Bxc5 Qxc5 31. Qc4 Qxc4 32. Bxc4 fxg2 33. Rd1 Rf8 34. Rd6 Kf7 35. Rc6 Kf6 36. Rc7 e5 37. Kxg2 a6 38. Ra7 Rd8 39. Rf7+ Kg6 40. Rc7 Rf8 41. Kg3 Kf6 42. f3 Rd8 43. h4 Rf8 44. h5 Bf5 45. Bxa6 Ra8 46. Bc4 Rxa5 47. Rf7+ Kg5 48. Rxg7+ Kxh5 49. Bd3 Bg6 50. Rc7 Kg5 51. c4 Ra3 52. Rd7 Kf6 53. Kg4 Rc3 54. Rd6+ Ke7 55. Rd5 Kf6 56. c5 Bf7 57. Rd6+ 1/2-1/2

[Event "GBR-ch109 Over 50"]
[Site "Leicester"]
[Date "2023.07.30"]
[Round "7.4"]
[White "Duncan, Christopher R"]
[Black "Kett, Timothy J"]
[Result "1-0"]
[WhiteElo "2191"]
[BlackElo "2062"]
[PlyCount "75"]
[EventDate "2023.07.24"]
[EventType "swiss"]
[EventRounds "7"]
[EventCountry "GBR"]
[SourceTitle "BritBase"]
[Source "John Saunders"]
[SourceDate "2025.01.31"]
[SourceVersion "1"]
[SourceVersionDate "2025.01.31"]
[SourceQuality "1"]

1. d4 Nf6 2. Nf3 g6 3. c4 Bg7 4. Nc3 O-O 5. e4 d6 6. Be2 e5 7. O-O Nc6 8. d5 Ne7 9. b4 Nd7 10. c5 dxc5 11. bxc5 Nxc5 12. Ba3 b6 13. Nd2 c6 14. Nb3 Nxb3 15. axb3 c5 16. b4 cxb4 17. Bxb4 a5 18. Ba3 Bd7 19. Qb3 Rb8 20. Rfd1 Re8 21. Rac1 Nc8 22. Nb5 Bf8 23. d6 Qf6 24. Rc3 Rd8 25. Rf3 Be6 26. Qc3 Qh4 27. Qc7 Nxd6 28. Nxd6 Bxd6 29. Bxd6 Qxe4 30. Re3 Qb7 31. Qc3 f6 32. Bxb8 Rxb8 33. Rd6 Rc8 34. Qb2 Kf7 35. Rxb6 Qxb6 36. Qxb6 Rc1+ 37. Bf1 Bc4 38. Qc7+ 1-0

[Event "GBR-ch109 Over 50"]
[Site "Leicester"]
[Date "2023.07.30"]
[Round "7.5"]
[White "James, Russell A"]
[Black "Lawton, Geoffrey W"]
[Result "1-0"]
[WhiteElo "2012"]
[BlackElo "2359"]
[PlyCount "55"]
[EventDate "2023.07.24"]
[EventType "swiss"]
[EventRounds "7"]
[EventCountry "GBR"]
[SourceTitle "BritBase"]
[Source "John Saunders"]
[SourceDate "2025.01.31"]
[SourceVersion "1"]
[SourceVersionDate "2025.01.31"]
[SourceQuality "1"]

1. e4 c6 2. d4 d5 3. exd5 cxd5 4. c4 Nf6 5. Nc3 g6 6. Qb3 Bg7 7. cxd5 O-O 8. Be2 Nbd7 9. Bf3 Nb6 10. Nge2 Bg4 11. Bxg4 Nxg4 12. a4 Nf6 13. Nf4 Rb8 14. O-O Ne8 15. a5 Nc8 16. Ne4 Ncd6 17. Ng5 Nc7 18. Qh3 h6 19. Nf3 Qc8 20. g4 h5 21. Nxh5 gxh5 22. Qxh5 f6 23. Nh4 e6 24. Ng6 Re8 25. Ra3 Nxd5 26. Rh3 Qc2 27. Qh7+ Kf7 28. Ne5+ 1-0

[Event "GBR-ch109 Over 50"]
[Site "Leicester"]
[Date "2023.07.30"]
[Round "7.6"]
[White "Duncan, Patrick CM"]
[Black "Townsend, M Paul"]
[Result "1/2-1/2"]
[WhiteElo "1996"]
[BlackElo "2209"]
[PlyCount "94"]
[EventDate "2023.07.24"]
[EventType "swiss"]
[EventRounds "7"]
[EventCountry "GBR"]
[SourceTitle "BritBase"]
[Source "John Saunders"]
[SourceDate "2025.01.31"]
[SourceVersion "1"]
[SourceVersionDate "2025.01.31"]
[SourceQuality "1"]

1. b3 d5 2. Bb2 e6 3. Nf3 Nf6 4. c4 Bd6 5. g3 O-O 6. Bg2 c5 7. cxd5 exd5 8. d4 Nc6 9. O-O Bg4 10. dxc5 Bxc5 11. Nc3 Re8 12. Rc1 Bf8 13. Nb5 Qa5 14. a4 a6 15. Nbd4 Nxd4 16. Nxd4 Rac8 17. Qd3 Bh5 18. Bh3 Bg6 19. Bf5 Rxc1 20. Rxc1 Ne4 21. Bxg6 hxg6 22. Kg2 Qd8 23. Rc2 Qd7 24. Bc1 Rc8 25. Rxc8 Qxc8 26. Be3 Be7 27. Nf3 Qc6 28. Nd4 Qc7 29. Nf3 Qd6 30. Nd2 Nc5 31. Bxc5 Qxc5 32. Nf3 Bf6 33. e3 Kf8 34. Nd4 Ke7 35. h4 Kd6 36. Kf3 Qc1 37. Kg2 Qb2 38. Ne2 Qe5 39. Qd2 Qe4+ 40. Kh2 Kc5 41. Qa5+ Kc6 42. Qd2 Be5 43. Qc1+ Kd7 44. Qd2 Qxh4+ 45. Kg2 Qf6 46. Qxd5+ Kc7 47. Kg1 Qe7 1/2-1/2

[Event "GBR-ch109 Over 50"]
[Site "Leicester"]
[Date "2023.07.30"]
[Round "7.7"]
[White "Pitcher, John T"]
[Black "Brett, Andrew R"]
[Result "1-0"]
[WhiteElo "2206"]
[BlackElo "2078"]
[PlyCount "79"]
[EventDate "2023.07.24"]
[EventType "swiss"]
[EventRounds "7"]
[EventCountry "GBR"]
[SourceTitle "BritBase"]
[Source "John Saunders"]
[SourceDate "2025.01.31"]
[SourceVersion "1"]
[SourceVersionDate "2025.01.31"]
[SourceQuality "1"]

1. e4 e5 2. Bc4 Nf6 3. d3 c6 4. Nf3 d5 5. Bb3 Bb4+ 6. Bd2 Bxd2+ 7. Nbxd2 Bg4 8. h3 Bxf3 9. Qxf3 O-O 10. Qe2 Nbd7 11. c3 Nc5 12. Bc2 Ne6 13. g3 Qd7 14. Nf3 Rfe8 15. Nxe5 Qc7 16. Ng4 Nd7 17. O-O-O Nec5 18. Qf3 Qa5 19. Kb1 Ne6 20. Qf5 Ndf8 21. exd5 cxd5 22. Ne3 Rad8 23. d4 Rd6 24. Nc4 Qd8 25. Nxd6 Qxd6 26. Bb3 Rd8 27. Qe5 Qd7 28. f4 f6 29. Qf5 a5 30. a3 b5 31. Rhe1 Qd6 32. Re3 Kf7 33. Qd3 b4 34. axb4 axb4 35. f5 Nc7 36. c4 Nd7 37. Rde1 Kf8 38. R1e2 Qc6 39. cxd5 Qd6 40. Re6 1-0

[Event "GBR-ch109 Over 50"]
[Site "Leicester"]
[Date "2023.07.30"]
[Round "7.8"]
[White "Crocker, Philip J"]
[Black "Sanger, Mark"]
[Result "1-0"]
[WhiteElo "2151"]
[BlackElo "2049"]
[PlyCount "59"]
[EventDate "2023.07.24"]
[EventType "swiss"]
[EventRounds "7"]
[EventCountry "GBR"]
[SourceTitle "BritBase"]
[Source "John Saunders"]
[SourceDate "2025.01.31"]
[SourceVersion "1"]
[SourceVersionDate "2025.01.31"]
[SourceQuality "1"]

1. d4 e6 2. c4 Nf6 3. g3 d5 4. Bg2 Bb4+ 5. Nd2 c6 6. Ngf3 O-O 7. O-O Nbd7 8. Qc2 Re8 9. e4 dxe4 10. Nxe4 Nxe4 11. Qxe4 Nf6 12. Qc2 a5 13. c5 a4 14. a3 Ba5 15. Qxa4 Ra6 16. Qc4 Bc7 17. b4 Nd5 18. Bb2 f5 19. Rae1 Rf8 20. Ne5 f4 21. Bf3 Qg5 22. Bc1 h5 23. h4 Qh6 24. Kg2 b5 25. Qd3 Rf6 26. Rh1 Kf8 27. Re2 Kg8 28. Kf1 g6 29. Rg1 Qf8 30. Nxg6 1-0

[Event "GBR-ch109 Over 50"]
[Site "Leicester"]
[Date "2023.07.30"]
[Round "7.9"]
[White "Ledger, Stephen C"]
[Black "Giulian, Rosemary A"]
[Result "1/2-1/2"]
[WhiteElo "1978"]
[BlackElo "1855"]
[PlyCount "33"]
[EventDate "2023.07.24"]
[EventType "swiss"]
[EventRounds "7"]
[EventCountry "GBR"]
[SourceTitle "BritBase"]
[Source "John Saunders"]
[SourceDate "2025.01.31"]
[SourceVersion "1"]
[SourceVersionDate "2025.01.31"]
[SourceQuality "1"]

1. d4 e6 2. Nf3 Nf6 3. Bg5 h6 4. Bh4 d5 5. e3 Be7 6. Nbd2 Nbd7 7. Bd3 c5 8. c3 Qc7 9. O-O e5 10. dxe5 Nxe5 11. Nxe5 Qxe5 12. Bb5+ Kf8 13. Bg3 Qh5 14. h3 Qxd1 15. Rfxd1 Be6 16. Be2 Ne4 17. Nxe4 1/2-1/2

[Event "GBR-ch109 Over 50"]
[Site "Leicester"]
[Date "2023.07.30"]
[Round "7.10"]
[White "Thompson, Ian D"]
[Black "Kirby, Peter J"]
[Result "1/2-1/2"]
[WhiteElo "2035"]
[BlackElo "1985"]
[PlyCount "54"]
[EventDate "2023.07.24"]
[EventType "swiss"]
[EventRounds "7"]
[EventCountry "GBR"]
[SourceTitle "BritBase"]
[Source "John Saunders"]
[SourceDate "2025.01.31"]
[SourceVersion "1"]
[SourceVersionDate "2025.01.31"]
[SourceQuality "1"]

1. c4 Nf6 2. Nc3 g6 3. g3 Bg7 4. Bg2 O-O 5. Nf3 c5 6. d4 d6 7. O-O Nc6 8. d5 Na5 9. Nd2 a6 10. a4 e6 11. Rb1 exd5 12. cxd5 Re8 13. Re1 Rb8 14. b4 cxb4 15. Rxb4 b5 16. axb5 Bd7 17. Nb3 Ng4 18. Bd2 Qb6 19. e3 Ne5 20. Na4 Qd8 21. Nxa5 Qxa5 22. Bf1 axb5 23. f4 Bg4 24. Be2 Bxe2 25. Qxe2 Nd7 26. Nb2 Qa2 27. Nd1 Qxd5 1/2-1/2

[Event "GBR-ch109 Over 50"]
[Site "Leicester"]
[Date "2023.07.30"]
[Round "7.11"]
[White "Molyneux, John"]
[Black "Grillage, Andrew"]
[Result "1/2-1/2"]
[WhiteElo "2230"]
[BlackElo "2010"]
[PlyCount "82"]
[EventDate "2023.07.24"]
[EventType "swiss"]
[EventRounds "7"]
[EventCountry "GBR"]
[SourceTitle "BritBase"]
[Source "John Saunders"]
[SourceDate "2025.01.31"]
[SourceVersion "1"]
[SourceVersionDate "2025.01.31"]
[SourceQuality "1"]

1. e4 d5 2. exd5 Qxd5 3. Nf3 Bg4 4. Be2 Nc6 5. c4 Qf5 6. h3 Bxf3 7. Bxf3 Qe5+ 8. Kf1 Qd6 9. Qa4 Nf6 10. Nc3 e5 11. d4 Qd7 12. Bxc6 bxc6 13. dxe5 Ne4 14. Nxe4 Qd3+ 15. Kg1 Qxe4 16. Bd2 Bc5 17. Re1 Qg6 18. e6 O-O 19. Qxc6 Qf5 20. Be3 Bb4 21. exf7+ Qxf7 22. Rd1 Rad8 23. Rxd8 Rxd8 24. g3 h5 25. h4 Rd6 26. Qa8+ Kh7 27. Qe4+ Kh8 28. Kg2 Re6 29. Qf3 Rf6 30. Qa8+ Kh7 31. Qe4+ Kh8 32. Rd1 Bd6 33. Bxa7 c5 34. Bxc5 Bxc5 35. Rd8+ Bf8 36. Qd4 Qe6 37. Rd5 Qe2 38. Re5 Qf3+ 39. Kg1 Rd6 40. Rd5 Re6 41. Re5 Rd6 1/2-1/2

[Event "GBR-ch109 Over 50"]
[Site "Leicester"]
[Date "2023.07.30"]
[Round "7.12"]
[White "Brown, Alan M"]
[Black "Henderson, David"]
[Result "0-1"]
[WhiteElo "1988"]
[BlackElo "2113"]
[PlyCount "54"]
[EventDate "2023.07.24"]
[EventType "swiss"]
[EventRounds "7"]
[EventCountry "GBR"]
[SourceTitle "BritBase"]
[Source "John Saunders"]
[SourceDate "2025.01.31"]
[SourceVersion "1"]
[SourceVersionDate "2025.01.31"]
[SourceQuality "1"]

1. d4 d5 2. c4 e6 3. Nf3 Nf6 4. Bg5 dxc4 5. e3 b5 6. a4 c6 7. axb5 cxb5 8. Be2 Bb4+ 9. Nbd2 Nbd7 10. O-O Qb6 11. Ne5 Nxe5 12. dxe5 Nd7 13. Nf3 h6 14. Bf4 Nc5 15. Nd4 O-O 16. b3 Nxb3 17. Nxb3 cxb3 18. Bf3 Bb7 19. Bxb7 Qxb7 20. Bxh6 Qe4 21. Bf4 b2 22. Rb1 Bc3 23. f3 Qd5 24. Qc2 b4 25. Rfd1 Qb5 26. Bg3 a5 27. f4 a4 0-1

[Event "GBR-ch109 Over 50"]
[Site "Leicester"]
[Date "2023.07.30"]
[Round "7.13"]
[White "Kennedy, Craig"]
[Black "Dargan, Paul AG"]
[Result "0-1"]
[WhiteElo "1784"]
[BlackElo "2091"]
[PlyCount "48"]
[EventDate "2023.07.24"]
[EventType "swiss"]
[EventRounds "7"]
[EventCountry "GBR"]
[SourceTitle "BritBase"]
[Source "John Saunders"]
[SourceDate "2025.01.31"]
[SourceVersion "1"]
[SourceVersionDate "2025.01.31"]
[SourceQuality "1"]

1. d4 Nf6 2. Nc3 d5 3. Bf4 c5 4. e4 cxd4 5. Qxd4 Nc6 6. Bb5 Bd7 7. Bxc6 Bxc6 8. e5 Ne4 9. e6 fxe6 10. Nxe4 dxe4 11. Ne2 Qa5+ 12. Nc3 Rd8 13. Qe5 Qxe5 14. Bxe5 Rg8 15. O-O Rd2 16. Rac1 e3 17. f3 g5 18. Ne4 Bxe4 19. fxe4 Bg7 20. Bxg7 Rxg7 21. Rfe1 Rf7 22. Rxe3 Rff2 23. Rg3 h6 24. a4 Rfe2 0-1

[Event "GBR-ch109 Over 50"]
[Site "Leicester"]
[Date "2023.07.30"]
[Round "7.14"]
[White "Smith, Peter"]
[Black "Handley, Michael R"]
[Result "1-0"]
[WhiteElo "2063"]
[BlackElo "1965"]
[PlyCount "31"]
[EventDate "2023.07.24"]
[EventType "swiss"]
[EventRounds "7"]
[EventCountry "GBR"]
[SourceTitle "BritBase"]
[Source "John Saunders"]
[SourceDate "2025.01.31"]
[SourceVersion "1"]
[SourceVersionDate "2025.01.31"]
[SourceQuality "1"]

1. Nf3 d5 2. c4 d4 3. g3 Nc6 4. Bg2 e5 5. d3 Nf6 6. O-O Be7 7. b4 e4 8. dxe4 Bxb4 9. Bb2 Bc5 10. Nbd2 Qe7 11. Nb3 Nxe4 12. Nxc5 Nxc5 13. Nxd4 Nxd4 14. Qxd4 Ne6 15. Qe3 Rb8 16. Qxa7 1-0